000 00507nam a2200193Ia 4500
005 20250508160746.0
008 008 250505s9999 xx 000 0 eng d
037 _aTextual
040 _aFEDL
_beng
_cFEDL
041 _aeng
_2eng
084 _a370.7, DUT
_qFEDL
100 _aDutt Sunitee
_9523762
245 0 _aTeacher and his world
260 _aAgra, India
_bSukumar Dutt
_c1972
300 _a256p.
650 _aEducation
942 _cTEXL
_h370.7, DUT
999 _c1366457
_d1366457